| 000 | 00690nam a2200229Ia 4500 | ||
|---|---|---|---|
| 003 | OSt | ||
| 005 | 20220918210552.0 | ||
| 006 | a|||||r|||| 00| 0 | ||
| 007 | ta | ||
| 008 | 220917b |||||||| |||| 00| 0 eng d | ||
| 024 | _a121,040 | ||
| 037 | _cTextual | ||
| 040 |
_aARTS _cARTS _beng |
||
| 041 |
_2eng _aeng |
||
| 082 | _aV73:2:L8, D1 | ||
| 100 |
_aHamilton Aldexader _9118641 |
||
| 245 | 0 |
_aFederalist _b a collection of essays interpreting the constitution of the United States as agreed upon by the Federal convention September 17,1787 |
|
| 260 | _c1921 | ||
| 650 | _aHISTORY | ||
| 942 |
_hV73:2:L8, D1 _cTEXL _2CC |
||
| 999 |
_c244269 _d244269 |
||